Uttar Bharat Ke Pakshi BNHS Field Guide. (Hindi). (Record no. 605111)

MARC details
000 -LEADER
fixed length control field 00511nam a2200157Ia 4500
008 - FIXED-LENGTH DATA ELEMENTS--GENERAL INFORMATION
fixed length control field 100415s9999 xx 000 0 und d
082 ## - DEWEY DECIMAL CLASSIFICATION NUMBER
Item number 22229
Classification number 598.2(542)
100 ## - MAIN ENTRY--PERSONAL NAME
Personal name GRIMMETT, RICHARD; INSKIPP,TIM
245 ## - TITLE STATEMENT
Title Uttar Bharat Ke Pakshi BNHS Field Guide. (Hindi).
260 ## - PUBLICATION, DISTRIBUTION, ETC. (IMPRINT)
Place of publication, distribution, etc MUMBAI
Date of publication, distribution, etc 2003
Name of publisher, distributor, etc BOMBAY NATURAL HISTORY SOCIETY
365 ## - TRADE PRICE
Price amount 500
530 ## - ADDITIONAL PHYSICAL FORM AVAILABLE NOTE
Availability source CEC
630 ## - SUBJECT ADDED ENTRY--UNIFORM TITLE
Uniform title Uttar Bharat Ke Pakshi BNHS Field Guide. (Hindi).
730 ## - ADDED ENTRY--UNIFORM TITLE
Uniform title Uttar Bharat Ke Pakshi BNHS Field Guide. (Hindi).
942 ## - ADDED ENTRY ELEMENTS (KOHA)
Koha item type Book
Holdings
Withdrawn status Lost status Damaged status Not for loan Home library Current library Date acquired Cost, normal purchase price Total Checkouts Full call number Barcode Date last seen Price effective from Koha item type
        Bombay Natural History Society Bombay Natural History Society 07/16/2008 500.00   598.2(542) 22229 BNHS-22229 04/15/2010 04/15/2010 Book